000 00638nam a22002417a 4500
003 UA-OsUOA
001 126404
007 ta
008 20171020b un ||||| |||| 00| 0 ukr d
100 _aФаріон І. Є.
090 _a821.161.2
_bФ24
942 _cBK
040 _aUA-OsUOA
_bukr
_cUA-OsUOA
_dUA-OsUOA
245 _aКрапля
_bпоезії, переклади
300 _a192 с.
955 _a3
041 _aukr
080 _a821.161.2
020 _a978-617-7201-55-6
260 _aК.
_bПросвіта
_c2017
650 7 _a82 Література. Літературознавство
_2UDC
999 _c413597
_d413597